LEADER 01715nas 2200553- 450 001 996321728403316 005 20210905224438.0 011 $a2359-4292 035 $a(OCoLC)918884768 035 $a(CKB)3800000000057357 035 $a(CONSER)--2018254225 035 $a(EXLCZ)993800000000057357 100 $a20150219a20159999 --- - 101 0 $aeng 135 $aurunu|||||||| 181 $ctxt$2rdacontent 182 $cc$2rdamedia 183 $acr$2rdacarrier 200 00$aArchives of endocrinology and metabolism $eofficial journal of the Brazilian Society of Endocrinology and Metabolism 210 1$aSão Paulo, SP :$c[Sociedade Brasileira de Endocrinologia e Metabologia],$d2015- 215 $a1 online resource 311 $a2359-3997 517 1 $aAE & M 517 1 $aABEM 531 0 $aArch. Endocrinol. Metab. 606 $aEndocrinology$vPeriodicals 606 $aMetabolism$vPeriodicals 606 $aEndocrine System Diseases 606 $aMetabolic Diseases 606 $aMetabolism 606 $aEndocrinology$2fast$3(OCoLC)fst00909749 606 $aMetabolism$2fast$3(OCoLC)fst01017473 608 $aPeriodical. 608 $aFulltext. 608 $aInternet Resources. 608 $aPeriodicals. 608 $aPeriodicals.$2fast 615 0$aEndocrinology 615 0$aMetabolism 615 12$aEndocrine System Diseases. 615 22$aMetabolic Diseases. 615 22$aMetabolism. 615 7$aEndocrinology. 615 7$aMetabolism. 712 02$aSociedade Brasileira de Endocrinologia e Metabologia, 906 $aJOURNAL 912 $a996321728403316 996 $aArchives of endocrinology and metabolism$92579254 997 $aUNISA LEADER 03946nam 22007331c 450 001 9910959193703321 005 20200115203623.0 010 $a9781472552006 010 $a1472552008 010 $a9781472501714 010 $a1472501713 024 7 $a10.5040/9781472552006 035 $a(CKB)2560000000139287 035 $a(EBL)1659723 035 $a(SSID)ssj0001220227 035 $a(PQKBManifestationID)11689865 035 $a(PQKBTitleCode)TC0001220227 035 $a(PQKBWorkID)11219441 035 $a(PQKB)10601890 035 $a(MiAaPQ)EBC1659723 035 $a(Au-PeEL)EBL1659723 035 $a(CaPaEBR)ebr10856263 035 $a(CaONFJC)MIL603644 035 $a(OCoLC)875819411 035 $a(OCoLC)878078447 035 $a(UtOrBLW)bpp09255043 035 $a(UtOrBLW)BP9781472552006BC 035 $a(Perlego)806956 035 $a(EXLCZ)992560000000139287 100 $a20140929d2011 uy 0 101 0 $aeng 135 $aurcnu|||||||| 181 $ctxt 182 $cc 183 $acr 200 10$aOn Aristotle Physics 4.10-14 $fPhiloponus ; translated by Sarah Broadie 205 $a1st ed. 210 1$aLondon $cBristol Classical Press $d2011. 215 $a1 online resource (143 p.) 225 1 $aAncient commentators on Aristotle 300 $a"Paperback edition first published 2014"--T. p. verso. 311 08$a9781472557964 311 08$a1472557964 311 08$a9780715640883 311 08$a0715640887 320 $aIncludes bibliographical references and index 327 $aPreface Richard Sorabji -- Translator's Note -- Translation -- Notes -- Bibliography -- English-Greek Glossary -- Greek-English Index -- Subject Index 330 $a"Philoponus' commentary on the last part of Aristotle's Physics Book 4 does not offer major alternatives to Aristotle's science, as did his commentary on the earlier parts, concerning place, vacuum and motion in a vacuum. Aristotle's subject here is time, and his treatment of it had led to controversy in earlier writers. Philoponus does offer novelties when he treats motion round a bend as in one sense faster than motion on the straight over the same distance in the same time, because of the need to consider the greater effort involved. And he points out that in an earlier commentary on Book 8 he had argued against Aristotle for the possibility of a last instant of time. This book is in the prestigious series, The Ancient Commentators on Aristotle, which translates the works of the ancient commentators into English for the first time."--Bloomsbury Publishing 330 8 $aPhiloponus' commentary on the last part of Aristotle's Physics Book 4 does not offer major alternatives to Aristotle's science, as did his commentary on the earlier parts, concerning place, vacuum and motion in a vacuum. Aristotle's subject here is time, and his treatment of it had led to controversy in earlier writers. Philoponus does offer novelties when he treats motion round a bend as in one sense faster than motion on the straight over the same distance in the same time, because of the need to consider the greater effort involved. And he points out that in an earlier commentary on Book 8 he had argued against Aristotle for the possibility of a last instant of time. This volume contains an English translation of Philoponus' commentary, as well as a detailed introduction, extensive explanatory notes and a bibliography. 410 0$aAncient commentators on Aristotle. 606 $aPhysics$xPhilosophy 606 $2Western philosophy: Ancient, to c 500 615 0$aPhysics$xPhilosophy. 676 $a114 676 $a530 700 $aPhiloponus$b John$factive 6th century,$0160407 702 $aBroadie$b Sarah 801 0$bUtOrBLW 801 1$bUtOrBLW 801 2$bUkLoBP 906 $aBOOK 912 $a9910959193703321 996 $aOn Aristotle Physics 4.10-14$94477111 997 $aUNINA